| 000 | 01367 a2200205 4500 | ||
|---|---|---|---|
| 001 | 53985 | ||
| 005 | 20260407155810.0 | ||
| 008 | 260407a1969 arg spa d | ||
| 003 | AR-UNSa-BCEJYS | ||
| 040 |
_aAR-UNSa-BCEJYS _bspa _cAR-UNSa-BCEJYS |
||
| 080 |
_a330.101 _xCiencia económica en general. La economía y sus problemas. Objeto y métodos de la economía política |
||
| 245 | 1 | 0 | _aEconómia política y Argentina |
| 264 | 1 |
_aBuenos Aires : _bManuel Belgrano _c1969 |
|
| 300 |
_a398 p. _c23 cm. |
||
| 505 | _aI. Concepto y objeto de la economía política - II. Recursos económicos y población - III. Los factores de producción - IV. La moneda: "Patrón" de cambio e instrumento movilizador de los factores productivos - V. Método y auxiliares de la ciencia económica - VI. Producto e ingreso nacional.Estimación y componentes - VII. Elaboración y destino del producto-ingreso nacional - VIII. Fluctuaciones del producto-ingreso nacional: Causas determinantes - IX. El desarrollo económico - X. Contextura del mercado y formación de los precios.Competencia perfecta - XI. Precio de los productos y precio de los factores.Teoría del valor - XII. Competencia imperfecta - XIII. Monopolio y otras formas irregulares del mercado | ||
| 041 | _aspa | ||
| 942 | _cBK | ||
| 590 | _aniveau_biblio:m niveau_hierar:0 | ||
| 100 | 1 | _aBeveraggi Allende, Walter | |
| 999 |
_c5313 _d5313 |
||